Éléments les plus abondants dans l'univers - Statistiques

Statistiques générales
  • Ce quiz a été pris 1 458 fois
  • Le résultat moyen est 7 sur 10
Statistiques - réponses
Proportion Élément % Correct
1 % Oxygène
96%
73.9 % Hydrogène
94%
0.5 % Carbone
91%
0.1 % Azote
89%
24 % Hélium
77%
0.1 % Fer
72%
0.04 % Soufre
49%
0.1 % Néon
39%
0.06 % Magnésium
31%
0.07 % Silicium
28%
Aucun quiz correspondant
Distribution des résultats
% des personnes avec chaque résultat
Percentile par nombre de réponses
Votre historique - résultats
Vous n’avez pas pris ce quiz